000170746 001__ 170746
000170746 005__ 20260429150230.0
000170746 037__ $$aTAZ-TFG-2025-4274
000170746 041__ $$aspa
000170746 1001_ $$aLlorens Romea, Juan
000170746 24200 $$aStructural analysis of hangar 6 at La Muñoza
000170746 24500 $$aAnálisis estructural del hangar 6 de La Muñoza
000170746 260__ $$aZaragoza$$bUniversidad de Zaragoza$$c2025
000170746 506__ $$aby-nc-sa$$bCreative Commons$$c3.0$$uhttp://creativecommons.org/licenses/by-nc-sa/3.0/
000170746 520__ $$aEn este trabajo se ha realizado un modelo concorde con el edifico de la realidad en el programa de simulación de elementos finitos RFEM 6. Posteriormente, se ha procedido a optimizar lo máximo posible con los medios empelados el modelo, para finalmente realizar un análisis de los resultados obtenidos, explicando el funcionamiento de la estructura y la relación de tensiones más importantes en las barras.<br />
000170746 521__ $$aGraduado en Ingeniería Mecánica
000170746 540__ $$aDerechos regulados por licencia Creative Commons
000170746 691__ $$a9
000170746 692__ $$aSe realiza una aportación a este ODS debido a que se esta diseñando y construyendo nueva infraestructura, modernizando la infraestructura actual y apoyando el crecimiento del sector aeronáutico en este caso.
000170746 700__ $$aCueto Prendes, Elías$$edir.
000170746 7102_ $$aUniversidad de Zaragoza$$bIngeniería Mecánica$$cMec. de Medios Contínuos y Teor. de Estructuras
000170746 8560_ $$f816445@unizar.es
000170746 8564_ $$s29175352$$uhttps://zaguan.unizar.es/record/170746/files/TAZ-TFG-2025-4274_ANE.pdf$$yAnexos (spa)
000170746 8564_ $$s3427021$$uhttps://zaguan.unizar.es/record/170746/files/TAZ-TFG-2025-4274.pdf$$yMemoria (spa)
000170746 909CO $$ooai:zaguan.unizar.es:170746$$pdriver$$ptrabajos-fin-grado
000170746 950__ $$a
000170746 951__ $$adeposita:2026-04-29
000170746 980__ $$aTAZ$$bTFG$$cEINA
000170746 999__ $$a20250908183201.CREATION_DATE